000 00828cam a2200193 4500
001 WB3636-13
008 000000n2000 000 0 eng u
035 _a(Sirsi) u108295
245 _aHouse owners' log books
260 _c2000
490 _aSunday Telegraph
_v 10 September 2000, 19(1)
520 _aWith the government's seller's pack not due to be introduced until early 2003, urges house owners to keep a detailed log about their houses, as these can be a persuasive marketing tool when they come to sell. Considers some of the special books available on the market, which provide a prompt about the type of information house owners should be gathering.
590 _aWB
650 _aSELLERS PACKS
650 _aMAINTAIN AND INSURE POLICIES
650 _aPROPERTY LOG BOOKS
690 _aHOUSING
942 _n0
999 _c64651
_d64651